Score 0/30 Timer 10:00
0 Plays Today
City, Former Country (1939) New Country (1952) % Correct
Breslau, GermanyPoland
88.7%
Danzig, The free city ofPoland
87.1%
Brzesc, PolandSoviet Union
86.3%
Riga, LatviaSoviet Union
82.7%
Grodno, PolandSoviet Union
81.5%
Tallinn, EstoniaSoviet Union
81.5%
Kattowitz, GermanyPoland
79%
Lwow, PolandSoviet Union
79%
Prague, Protectorate of Bohemia and MoraviaCzechoslovakia
77.4%
Viipuri, FinlandSoviet Union
76.6%
Hsinking, ManchukuoPeople's Republic of China
76.2%
Koningsberg, GermanySoviet Union
75.8%
Rhodes, Kingdom of ItalyGreece
75.4%
Stettin, GermanyPoland
75.4%
Wilno, PolandSoviet Union
73.4%
City, Former Country (1939) New Country (1952) % Correct
Tirana, Kingdom of ItalyAlbania
72.2%
Oppeln, GermanyPoland
71%
Wien, GermanyAustria
70.6%
Gyeongseyong/Keijo, Empire of JapanRepublic of Korea
67.3%
Fiume, Kingdom of ItalyYugoslavia
66.1%
Asmara, Italian EritreaBritish Empire
63.7%
Pola, Kingdom of ItalyYugoslavia
62.9%
Mogadiscio, Italian SomalilandBritish Empire
60.9%
Zara, Kingdom of ItalyYugoslavia
58.5%
Heijon, Empire of JapanDemocratic People's Republic of Korea
54.4%
Durazzo, Kingdom of ItalyAlbania
54%
Naha, Empire of JapanUnited States
54%
Taihoku, Empire of JapanRepublic of China
41.1%
Trieste, Kingdom of ItalyFree Territory of Trieste
35.9%
Tripoli, Italian LibyaKingdom of Libya
16.5%
Come Together.
Have Fun.
All Virtual.
We all need to come together. Play Sporcle's virtual live trivia to have fun, connect with people, and get your trivia on. Join a live hosted trivia game for your favorite pub trivia experience done virtually. If a virtual private party is more your thing, go here for details.

You're not logged in!

Compare scores with friends on all Sporcle quizzes.
OR
Log In

Sporcle TV

Today on Sporcle TV


Watch our educational content, quiz creation guides, and fun videos on Sporcle TV.

Show Comments

Extras

Created Jan 4, 2016ReportNominate
Tags:Treaty, WW2

Top Quizzes Today


Score Distribution

Paid Content

Your Account Isn't Verified!

In order to create a playlist on Sporcle, you need to verify the email address you used during registration. Go to your Sporcle Settings to finish the process.

Report this User

Report this user for behavior that violates our Community Guidelines.

Details: